000 00306nam a2200133Ia 4500
100 _aKhambata adi J
942 _cBK
654 _aZ80 microcomputer
245 _aIntroduction to the Z80 microcomputer
260 _bJohn wiley
_aNew York
_c1982
082 _a1.642
_bKHA
546 _aENGLISH
999 _c29113
_d29113